000 00324pab a2200121 454500
008 180718b xxu||||| |||| 00| 0 eng d
100 _aHussain, Mehmood
245 _aIsrael: fountainhead of fundamentatism and terrorism
650 _a Fundamentalism
650 _aTerrorism - Israel
773 _aThird Concept
909 _a24243
999 _c24243
_d24243